Music Quiz

Random Music or Clickable Quiz

Three-Word #1 Hits Quiz Stats

 Plays Quiz Updated Jul 26, 2016

Also try: Four-Word #1 Hits
Challenge
Share
Tweet
Embed
Score 0/30 Timer 06:00
5 Plays Today
% Correct
Madonna
95.2%
Vanilla Ice
94.3%
Gloria Gaynor
90.5%
Cyndi Lauper
86.9%
Carly Rae Jepsen
85.4%
a-ha
84.7%
The Beatles
84.5%
The Monkees
84.5%
The Beach Boys
84.2%
Taylor Swift
82.9%
The Rolling Stones
81.8%
Roy Orbison
81.7%
Right Said Fred
80.9%
The Doors
80.8%
Sir Mix-a-Lot
80.1%
% Correct
Blondie
79.2%
Plain White T's
78%
Adele
77.9%
Destiny's Child
75.3%
K.C. & the Sunshine Band
75%
Robert Palmer
73.9%
Michael Jackson
71.7%
R. Kelly
71%
Jon Bon Jovi
70.2%
Lesley Gore
68.3%
Phil Collins
66.7%
The Byrds
66.5%
Neil Young
65.5%
Prince
65.3%
Mariah Carey
58.1%

You're not logged in!

Compare scores with friends on all Sporcle quizzes.
Join for Free
OR
Log In

You Might Also Like...

Show Comments

Extras

Top Quizzes Today


Score Distribution

Your Account Isn't Verified!

In order to create a playlist on Sporcle, you need to verify the email address you used during registration. Go to your Sporcle Settings to finish the process.

Report this User

Report this user for behavior that violates our Community Guidelines.

Details: